书目信息 |
| 题名: |
教育学原理
|
|
| 作者: | 丁西省 , 魏文君 主编 | |
| 分册: | ||
| 出版信息: | 西安 西北工业大学出版社 2013 |
|
| 页数: | 314页 | |
| 开本: | 26cm | |
| 丛书名: | ||
| 单 册: | ||
| 中图分类: | G40 | |
| 科图分类: | ||
| 主题词: | 教育学--高等学校--教材 , 教育学 | |
| 电子资源: | ||
| ISBN: | 978-7-5612-3749-6 | |
| 000 | 00830nam0 2200265 450 | |
| 001 | 012001003506 | |
| 005 | 20131026104450.0 | |
| 010 | @a978-7-5612-3749-6@dCNY35.00 | |
| 100 | @a20140226d2013 em y0chiy50 ea | |
| 101 | 0 | @achi |
| 102 | @aCN@b610000 | |
| 105 | @ay z 000yy | |
| 106 | @ar | |
| 200 | 1 | @a教育学原理@9jiao yu xue yuan li@f丁西省,魏文君主编 |
| 210 | @a西安@c西北工业大学出版社@d2013 | |
| 215 | @a314页@d26cm | |
| 300 | @a高等院校“十二五”规划教材 | |
| 330 | @a本书共十三章,内容包括教育与教育学,教育功能,教育目的,教育制度,教育主体,课堂教学等。 | |
| 606 | 0 | @a教育学@x高等学校@j教材 |
| 606 | 0 | @a教育学 |
| 690 | @aG40@v5 | |
| 701 | 0 | @a丁西省@9ding xi xing@f(1967-)@4主编 |
| 701 | 0 | @a魏文君@9wei wen jun@f(1965-)@4主编 |
| 801 | 0 | @aCN@b江苏凤凰@c20191020 |
| 905 | @b1226966-9@dG40@e1009@f4 | |
| 教育学原理/丁西省,魏文君主编.-西安:西北工业大学出版社,2013 |
| 314页;26cm |
| 高等院校“十二五”规划教材 |
| ISBN 978-7-5612-3749-6:CNY35.00 |
| 本书共十三章,内容包括教育与教育学,教育功能,教育目的,教育制度,教育主体,课堂教学等。 |
| ● |
| 相关链接 |
|
|
|
|
正题名:教育学原理
索取号:G40/1009
 
预约/预借
| 序号 | 登录号 | 条形码 | 馆藏地/架位号 | 状态 | 备注 |
| 1 | 1226966 | 212269668 | 第一样本阅览室/ [索取号:G40/1009] | 在馆 | |
| 2 | 1226967 | 212269677 | 教育系资料室/ [索取号:G40/1009] | 在馆 | |
| 3 | 1226968 | 212269686 | 教育系资料室/ [索取号:G40/1009] | 在馆 | |
| 4 | 1226969 | 212269695 | 第四借阅区/ [索取号:G40/1009] |
已借出,限还日期为2025.09.16 借出人:郭颖 |